|
|
|
|
| LEADER |
00000nab#a22000007a#4500 |
| 001 |
arbauad005410 |
| 003 |
AR-BaUAD |
| 005 |
20250711110713.0 |
| 008 |
940824|||||||||###||||||b###|0###a|spa|| |
| 040 |
|
|
|a AR-BaUAD
|c AR-BaUAD
|b spa
|
| 100 |
|
|
|a Yaqüinto, Ernesto
|
| 245 |
|
|
|a Arquitectura :
|b nostalgia y realidad /
|c Ernesto Yaqüinto;
|
| 300 |
0 |
|
|b fot., planos
|
| 653 |
|
|
|a CIUDADES
|
| 653 |
|
|
|a URBANISMO
|
| 653 |
|
|
|a ROSARIO
|
| 653 |
|
|
|a HISTORIA
|
| 653 |
|
|
|a ARQUITECTURA
|
| 653 |
|
|
|a ARGENTINA
|
| 653 |
|
|
|a ANALISIS
|
| 653 |
|
|
|a INVESTIGACION
|
| 653 |
|
|
|a SIGLO XX
|
| 773 |
0 |
|
|t SUMMA
|g no. 213 [jun. 1985], p. 28-33
|
| 942 |
|
|
|c ARTI
|
| 952 |
|
|
|0 0
|1 0
|4 0
|7 0
|9 50330
|a AR-BAuAD
|b AR-BAuAD
|d 2025-07-11
|l 0
|p AAQA005410
|r 2025-07-11 11:07:13
|w 2025-07-11
|y ARTI
|
| 990 |
|
|
|a AQ198
|b TD
|
| 998 |
|
|
|a AAQ
|b BIBUN76
|
| 999 |
|
|
|c 30003
|d 30003
|